000 00938nas a2200289 4500
001 BR2015005155
003 BR-BrBNA
005 20231205125720.0
007 ta
008 230509b bl.|||p| |||| 00| 00por d
040 _aBR-BrBNA
_bpor
_cBiblioteca Nacional de Agricultura
041 _a(Pt)
072 _aL02; L01
100 1 _aHomem Junior, A.C.
100 1 _aEzequiel, J.M.B.
100 1 _aRodrigues, D.J.
100 1 _aPinheiro, R.S.B.
245 1 _aÁcidos graxos e colesterol da carne de cordeiros confinados recebendo dietas contendo fontes lipídicas e submetidos à restrição e realimentação
650 _aCORDEIRO
650 _aCONFINAMENTO
650 _aDIETA
650 _aSUPLEMENTO ALIMENTAR
650 _aPRODUÇÃO ANIMAL
773 0 _tCiência Rural (Brazil)
_xISSN 0103-8478
_g(Sep 2015), v. 45(9) p. 1674-1680
_wBR2015005155
909 _a202311
_bLúcia
_c55
_dLúcia Elande
942 _2AGRIS
_n0
_cANA
999 _c245733
_d245733